|
|
|
|
| LEADER |
01671nam a2200361 a 4500 |
| 001 |
41001 |
| 003 |
BD-DhAAL |
| 005 |
20230319145829.0 |
| 008 |
230319t1998 dcua b i000 0 eng |
| 010 |
|
|
|a 98005911
|
| 020 |
|
|
|a 0821342029 (pbk.)
|
| 040 |
|
|
|a DLC
|c DLC
|d DLC
|d BD-DhAAL
|
| 082 |
0 |
0 |
|a 332.1
|2 21
|
| 245 |
0 |
0 |
|a Preventing bank crises :
|b lessons from recent global bank failures : proceedings of a conference co-sponsored by the Federal Reserve Bank of Chicago and the Economic Development Institute of the World Bank /
|c edited by Gerard Caprio, Jr. ... [et al.].
|
| 246 |
3 |
0 |
|a Lessons from recent global bank failures
|
| 260 |
|
|
|a Washington, D.C. :
|b World Bank,
|c c1998.
|
| 300 |
|
|
|a xiii, 377 pages :
|b illustrations ;
|c 24 cm.
|
| 490 |
|
|
|a EDI development studies
|
| 500 |
|
|
|a Conference was held in Chicago in June 1997.
|
| 504 |
|
|
|a Includes bibliographical references and index.
|
| 541 |
|
|
|a Akbar Ali Khan Collections
|e 41001
|
| 650 |
|
0 |
|a Bank failures
|x Congresses.
|9 53881
|
| 650 |
|
0 |
|a Bank failures
|x Case studies
|x Congresses.
|9 53882
|
| 700 |
1 |
|
|a Caprio, Gerard.
|9 53242
|
| 700 |
1 |
|
|a Hunter, William C.
|9 53883
|
| 700 |
1 |
|
|a Kaufman, George G.
|9 53884
|
| 700 |
1 |
|
|a Leipziger, Danny M.
|9 53885
|
| 710 |
2 |
|
|a Federal Reserve Bank of Chicago.
|9 53886
|
| 710 |
2 |
|
|a Economic Development Institute (Washington, D.C.)
|
| 852 |
|
|
|a Ayesha Abed Library
|c Akbar Ali Khan Collection
|
| 942 |
|
|
|2 ddc
|c BK
|
| 999 |
|
|
|c 45603
|d 45603
|
| 952 |
|
|
|0 0
|1 0
|2 ddc
|4 0
|6 332_100000000000000_PRE
|7 1
|9 73423
|a BRACUL
|b BRACUL
|c AAKC
|d 2023-03-19
|e Donated by Akbar Ali Khan
|g 5442.12
|l 0
|o 332.1 PRE
|p 3010041001
|r 2023-03-19
|t 1
|v 5442.12
|w 2023-03-19
|y BK
|x £47.76 amazon.co.uk/
|